Past Tense Race Quiz Stats

Quiz Updated Nov 15, 2011

Also try: Plural Blitz
Challenge
Share
Tweet
Embed
Score 0/32 Timer 02:00
0 Plays Today
Verb Past Tense % Correct
????
100%
????
99.9%
????
99.8%
????
99.6%
????
99.5%
????
99%
????
98.1%
????
98%
????
82.9%
????
82.1%
????
81.9%
????
81.7%
????
81.5%
????
81.3%
????
80.5%
????
79.2%
Verb Past Tense % Correct
????
78.8%
????
77.7%
????
77.3%
????
77%
????
76.8%
????
76.4%
????
75.7%
????
74.6%
????
70.3%
????
69.6%
????
68.9%
????
68.2%
????
66.5%
????
65.3%
????
63.5%
????
62.5%

You're not logged in!

Compare scores with friends on all Sporcle quizzes.
Join for Free
OR
Log In

You Might Also Like...

Show Comments

Extras

Top Quizzes Today


Score Distribution

Your Account Isn't Verified!

In order to create a playlist on Sporcle, you need to verify the email address you used during registration. Go to your Sporcle Settings to finish the process.

Report this User

Report this user for behavior that violates our Community Guidelines.

Details: